| 000 | 01582nam a2200277Ia 4500 | ||
|---|---|---|---|
| 999 |
_c43707 _d43707 |
||
| 001 | 10448 | ||
| 003 | GE_BSU | ||
| 005 | 20240614112947.0 | ||
| 008 | 181216s2014||||ge |||||||||||||| ||geo|| | ||
| 020 | _a9789941216275 | ||
| 040 | _cGE_BSU | ||
| 041 | _ageo | ||
| 080 | _a27–36+27–726.1(479.22) წ–71 | ||
| 245 |
_aწმინდა მღვდელმთავარი ალექსანდრე (ოქროპირიძე) / _cპროექტის რედ. თამარ მამაცაშვილი ; შემდგ. სოფიო თავაძე. |
||
| 264 |
_aთბილისი : _bპალიტრა L, _c2014. |
||
| 300 |
_a164 გვ. ; _c20 სმ. |
||
| 490 |
_aსაქართველოს იმედი : ყველა წმინდანი, რომელთა შესახებაც უნდა იცოდე, 2298-0547 / პროექტის რედ. თამარ მამაცაშვილი ; _vწ. 47 |
||
| 500 | _aიბეჭდება სრ. საქ. კათოლიკოს-პატრიარქის ილია II-ის ლოცვა-კურთხევით | ||
| 500 | _a | ||
| 504 | _aბიბლიოგრაფია გვ. 163 | ||
| 541 | _h3ლ. | ||
| 653 | _aრელიგია | ||
| 653 | _aწმინდა მღვდელმთავარი ალექსანდრე (ოქროპირიძე) | ||
| 700 |
_aთავაძე, სოფიო _eშემდგენელი _95013 |
||
| 942 |
_cBK _2udc |
||